000 00556nam a2200217Ia 4500
001 14974
003 GE_BSU
008 181216s||||||||xx |||||||||||||| ||und||
040 _cGE_BSU
080 _a514.113(072)
100 _aБескин,Л.Н.
245 _aСтереометрия
245 _bПособие для учителей
245 _cРед.М.Л.Смолянский
260 _aМосква
260 _bУчпедгиз
260 _c1960
300 _a239стр.22см.
653 _aСтереометрия
942 _cBK
999 _c48093
_d48093